000 00437nam a2200181Ia 4500
001 15984
005 20260306170236.0
008 260306t2013||||xx |||||||||||||| ||und||
041 _aESP
082 _a346.52
_bB95
100 _aBusto Lago, José Manuel
_eAUT
245 0 _aLecciones de responsabilidad civil
260 _c2013
300 _a658 páginas :
_c23 cm.
650 _aGEN
654 _aCDE
942 _cLIB
_dJUS
_fJUS
_2ddc
_n
999 _c15984
_d15984